000 00641nam a2200205Ia 4500
005 20250508151959.0
008 008 250505s9999 xx 000 0 eng d
037 _aTextual
040 _aFEDL
_beng
_cFEDL
041 _aeng
_2eng
084 _a001.422, VED
_qFEDL
100 _aVeda Prakash
245 0 _aReliability of ratings: Studies in education and psychology
260 _aBaroda, India
_bFaculty of Education and Psychology Maharaja Sayajirao University of Baroda
_c1956
300 _a83p
365 _aINR
_b2.5
650 _aStatistical methods
942 _cTEXL
_h001.422, VED
999 _c1333358
_d1333358